Tiers X world of warship - Statistiques

Statistiques générales
  • Ce quiz a été pris 40 fois
    37 depuis la dernière actualisation
  • Le résultat moyen est 38 sur 105
Statistiques - réponses
Indice Réponse % Correct
Cuirassé USA Montana
88%
cuirassé Japon Yamato
88%
Croiseur USA Des moines
75%
Porte avions USA Midway
75%
cuirassé Japon Shikishima
75%
Destroyer Japon Shimakaze
75%
Cuirassé USA Ohio
69%
Cuirassé France République
69%
croiseur Japon Zao
69%
Destroyer Japon Harugumo
63%
Destroyer Japon Hayate
63%
Croiseur Allemagne Hindenburg
63%
Cuirassé Allemagne Preussen
63%
Cuirassé USA Vermont
63%
Destroyer Allemagne Elbing
56%
Destroyer USA Gearing
56%
Destroyer France Kleber
56%
Cuirassé URSS Kremlin
56%
Destroyer France Marceau
56%
Croiseur USA Salem
56%
croiseur Japon Yodo
56%
Croiseur USA Austin
50%
Sous-marin USA Balao
50%
Cuirassé France Bourgogne
50%
Cuirassé Angleterre Conqueror
50%
Porte avions USA Essex
50%
Porte Avions Japon Hakuryu
50%
Croiseur USA Worcester
50%
Destroyer Allemagne Z-52
50%
Cuirassé Italie Colombo
44%
cuirassé Japon Bungo
44%
Croiseur Angleterre minotaur
44%
Porte Avions Japon Shinano
44%
Croisseur Italie Venezia
44%
Destroyer Allemagne Z-42
44%
Destroyer Angleterre Daring
38%
Destroyer URSS Grozovoi
38%
Destroyer Européen Halland
38%
Croiseur France Henry IV
38%
Cuirassé USA Louisiane
38%
Porte Avions Angleterre Malta
38%
Cuirassé Allemagne Mecklenburg
38%
Destroyer Européen Ragnar
38%
Cuirassé Allemagne Schlieffen
38%
Destroyer USA Sherman
38%
Cuirassé URSS Slava
38%
Croisseur URSS Stalingrad
38%
Cuirassé Angleterre St Vincent
38%
Cuirassé Angleterre Thunderer
38%
Cuirassé USA Wisconsin
38%
Porte Avions Angleterre Audacious
31%
Croiseur France Colbert
31%
Destroyer URSS Delny
31%
croiseur Japon Yoshino
31%
Porte avions USA Franklin D Roosevelt
31%
Sous-main USA Gato
31%
Croiseur Angleterre Gibraltar
31%
Porte Avions Allemagne Immelmann
31%
Croiseur France Marseille
31%
Croiseur URSS Moskva
31%
Porte Avions URSS Nakhimov
31%
Croisseur Italie Napoli
31%
Croiseur URSS Petropavlovsk
31%
Destroyer Européen Smaland
31%
Sous-marin Allemagne U-4501
31%
Croiseur France Brennus
25%
Destroyer France Cassard
25%
Destroyer Européen Gdansk
25%
Croiseur Angleterre Goliath
25%
Cuirassé Angleterre Incomparable
25%
Destroyer URSS Khabarovsk
25%
Croiseur URSS Nevsky
25%
Croiseur USA Puerto Rico
25%
Destroyer Italie Regolo
25%
Cuirassé USA Rhode island
25%
Sous-marin Angleterre Thrasher
25%
Sous-marin Allemagne U-2501
25%
Destroyer Angleterre Vampire
25%
Destroyer Espagne Alvaro de bazan
19%
Croisseur Espagne Castilla
19%
Croiseur Commonwealth Cerberus
19%
Croiseur Angleterre Defense
19%
Destroyer Angleterre Druid
19%
Croiseur Pays Bas Gouden leeuw
19%
Cuirassé Allemange Grober Kurfurst
19%
Croiseur Allemagne Hildebrand
19%
Croisseur Pan Asiatique Jinan
19%
croiseur Japon Kitakami
19%
Destroyer Pan américain La pampa
19%
Cuirassé Pan américain Libertad
19%
Croiseur URSS Sébastopol
19%
Destroyer Pays bas Tromp
19%
Destroyer Pan Asiatique Yueyang
19%
Croiseur Commonwealth brisbane
13%
Cuirassé Italie Lauria
13%
Destroyer Pan Asiatique Lushun
13%
Croiseur Angleterre Monmouth
13%
Croiseur Angleterre Plymouth
13%
Croisseur Pan américain San martin
13%
Croiseur URSS Smolenk
13%
Destroyer USA Somers
13%
Croiseur Européen Svea
13%
Croiseur URSS Komissar
6%
Porte Avions Allemagne Richthofen
6%
Cuirassé Italie Sicilia
6%
Aucun quiz correspondant
Distribution des résultats
% des personnes avec chaque résultat
Percentile par nombre de réponses
Votre historique - résultats
Vous n’avez pas pris ce quiz depuis la dernière actualisation